000 00780cam a2200253 4500
008 090401t1998 xxu||||| |||| 00| 0 eng d
020 _a0117021873
035 _a(Sirsi) u85205
041 _aeng
050 _a692.8
110 _aProperty Advisers to the Civil Estate
_93610
245 _aGC/Works/1 (1998) : contract for building and civil engineering major works : model forms and commentary.
260 _aLondon
_bStationery Office
_c1998
300 _av,133p. ; 30cm.
350 _a20
650 _aBUILT ENVIRONMENT-BUILDING CONTRACT FORMS
650 _aGC/WORKS/1
650 _aGENERAL CONDITIONS OF CONTRACT
650 _aMAJOR WORKS
650 _aMODEL FORMS
690 _aBUILT ENVIRONMENT-BUILDING CONTRACT FORMS
942 _n0
948 _c26/03/1998
999 _c97019
_d97019